| 000 | 00720nam a22002177a 4500 | ||
|---|---|---|---|
| 010 | _a565117 | ||
| 020 | _a04928021 | ||
| 035 | _a565117 | ||
| 037 | _bCen Lib / Ret | ||
| 040 |
_aDPL _bEn |
||
| 082 |
_a921 _bGHA |
||
| 245 |
_aGhalib 1797-1869 : _ctranslated by Ralph Russell [and] Khurshidul Islam |
||
| 260 |
_aLondon _bGeorge Allen and Unwin Ltd _c1969 |
||
| 270 |
_aRuksin House Museum Street _bLondon |
||
| 300 |
_a(v 1. 404p) _c27cm(Hb) |
||
| 650 | _a Ghalib, Mirza Asadullah Khan, -- 1797-1869 -- Criticism and interpretation. | ||
| 650 | _aGhalib, Mirza Asadullah Khan, -- 1797-1869 | ||
| 700 | _aRussell, Ralph | ||
| 700 | _aIslam, Khurshidul | ||
| 942 |
_2ddc _cEN _h921 _mGHA |
||
| 999 |
_c137067 _d137067 |
||